000 nam a22 7a 4500
999 _c8267
_d8267
008 171213b xxu||||| |||| 00| 0 eng d
100 _aMalhotra S. L
_94689
245 _aGandhi and The Indian national congress
260 _aNew Delhi
_bRajiv Media print house
_c1988